UM Logo

Mtpa control method for midp spmsm drive system using angle diffrence controller and p&o algorithm / (Record no. 21564)

MARC details
000 -LEADER
fixed length control field 00983nam a22002297a 4500
003 - CONTROL NUMBER IDENTIFIER
control field OSt
005 - DATE AND TIME OF LATEST TRANSACTION
control field 20250410102057.0
008 - FIXED-LENGTH DATA ELEMENTS--GENERAL INFORMATION
fixed length control field 240912b ||||| |||| 00| 0 eng d
040 ## - CATALOGING SOURCE
Transcribing agency 0
082 ## - DEWEY DECIMAL CLASSIFICATION NUMBER
Classification number DPer 621.317 Ie21 December 2022 v.37 n. 12 part 1&2.
100 ## - MAIN ENTRY--PERSONAL NAME
Personal name Lee, Jungho.
Relator term author.
9 (RLIN) 60861
245 ## - TITLE STATEMENT
Title Mtpa control method for midp spmsm drive system using angle diffrence controller and p&o algorithm /
Statement of responsibility, etc. Jungho Lee and Jong-Woo Choi.
260 ## - PUBLICATION, DISTRIBUTION, ETC. (IMPRINT)
Place of publication, distribution, etc. New York ;
Name of publisher, distributor, etc. The Institute of Electrical and Electronics Engineers, Inc.,
Date of publication, distribution, etc. December 2022.
300 ## - PHYSICAL DESCRIPTION
Extent volume 37, pages 15382-15396,
Other physical details illustration.
500 ## - GENERAL NOTE
General note IEEE Transactions on Power Electronics, v. 37 n. 12, pages 15382-15396, December 2022.
650 #0 - SUBJECT ADDED ENTRY--TOPICAL TERM
Topical term or geographic name as entry element Efficiency optimizing.
9 (RLIN) 66271
650 #0 - SUBJECT ADDED ENTRY--TOPICAL TERM
Topical term or geographic name as entry element maximum torque per ampere (MTPA).
9 (RLIN) 66272
650 #0 - SUBJECT ADDED ENTRY--TOPICAL TERM
Topical term or geographic name as entry element permanent-magnet synchronous motor (PMSM).
9 (RLIN) 66273
700 ## - ADDED ENTRY--PERSONAL NAME
Personal name Lee, Jungho.
Relator term author.
9 (RLIN) 60861
700 ## - ADDED ENTRY--PERSONAL NAME
Personal name Choi, Jong-Woo.
9 (RLIN) 60862
942 ## - ADDED ENTRY ELEMENTS (KOHA)
Source of classification or shelving scheme Dewey Decimal Classification
Koha item type Periodicals
Holdings
Withdrawn status Lost status Source of classification or shelving scheme Damaged status Not for loan Collection code Home library Current library Date acquired Total Checkouts Full call number Date last seen Price effective from Koha item type Public note
    Dewey Decimal Classification     Periodicals UM Digos College - LIC UM Digos College - LIC 09/12/2024   DPer 621.317 Ie21 December 2022 v.37 n. 12 part 1&2. 09/12/2024 09/12/2024 Periodicals Periodical Article